Volebné smerovanie Latinskej Ameriky

Obraz Južnej Ameriky koncom 80. a začiatkom 90. rokov minulého storočia. Posledná dekáda 20. storočia a prvé desaťročie 21. storočia však znamenali pre veľa krajín tohto regiónu obdobie rozvoja, westernizácie politickej kultúry a normalizácie demokratických procesov. V rokoch 2009 a 2010 sa v región...

Descripción completa

Guardado en:
Detalles Bibliográficos
Autor principal: Reťkovský, Peter
Formato: Capítulo de libro
Lenguaje:eslovaco
Materias:
Etiquetas: Agregar Etiqueta
Sin Etiquetas, Sea el primero en etiquetar este registro!

MARC

LEADER 00000nla$a2200000$$$4500
001 0136750
005 20240523073414.4
041 0 |a slo 
044 |a SK 
245 1 0 |a Volebné smerovanie Latinskej Ameriky  |c Peter Reťkovský 
520 |a Obraz Južnej Ameriky koncom 80. a začiatkom 90. rokov minulého storočia. Posledná dekáda 20. storočia a prvé desaťročie 21. storočia však znamenali pre veľa krajín tohto regiónu obdobie rozvoja, westernizácie politickej kultúry a normalizácie demokratických procesov. V rokoch 2009 a 2010 sa v regióne uskutočnila séria prezidentských a parlamentných volieb, ktoré v zásade potvrdili naslolené demokratické smerovanie jednotlivých krajín Južnej Ameriky a kontinetu ako takého. 
610 2 0 |a Latinská Amerika 
610 2 0 |a demokratizácia 
610 2 0 |a voľby 
100 1 |a Reťkovský, Peter